00283nam a22001217a 4500003000400000008004100004020002100045082001200066100001800078245002400096260003300120300000800153OSt220521b ||||| |||| 00| 0 eng d a97-1-7812-5919-1 a150 GRL aGREENE,Robert aLaw of Human Nature aLondonbP Profile bookc2018 a609